[Event "Cto de Aragon por Equipos Preferente"]
[Site "?"]
[Date "2020.02.22"]
[Round "5.72"]
[White "Galvez Longas, Isaac"]
[Black "Martinez Ramis, Rafael"]
[Result "1-0"]
[WhiteElo "1688"]
[BlackElo "1377"]
[PlyCount "83"]
[EventDate "2020.??.??"]
[WhiteTeam "Ejea"]
[BlackTeam "St. Casablanca C"]

1. d4 Nf6 2. Bf4 e6 3. Nf3 b6 4. e3 Bb7 5. Bd3 c5 6. c3 d6 7. Nbd2 Be7 8. h3
Nbd7 9. Qc2 a5 10. Nc4 Bxf3 11. gxf3 Qc7 12. Na3 Qc6 13. Qe2 O-O 14. Rg1 g6 15.
Bg5 d5 16. h4 c4 17. Bc2 Rfe8 18. Bxf6 Bxf6 19. h5 Qd6 20. hxg6 hxg6 21. f4 Kf8
22. Nb5 Qb8 23. a4 Ke7 24. Qg4 Rh8 25. O-O-O Rh4 26. Qg3 Qh8 27. f5 e5 28. fxg6
Rg8 29. Qf3 e4 30. Qg3 Rxg6 31. Qd6+ Ke8 32. Nc7+ Kd8 33. Nxd5 Rxg1 34. Rxg1
Rh1 35. Qc7+ Ke8 36. Nxf6+ Nxf6 37. Qc8+ Ke7 38. Qxh8 Rxh8 39. Kd2 Rh2 40. Ke2
Ke6 41. Rg5 Nd5 42. Bxe4 1-0

[Event "Cto de Aragon por Equipos D. Honor"]
[Site "?"]
[Date "2020.02.29"]
[Round "6.1"]
[White "Cifuentes Parada, Roberto"]
[Black "Forcen Esteban, Daniel"]
[Result "1/2-1/2"]
[WhiteElo "2428"]
[BlackElo "2548"]
[PlyCount "39"]
[EventDate "2020.01.25"]
[WhiteTeam "Jaque"]
[BlackTeam "Jaime Casas"]

1. d4 Nf6 2. Nf3 g6 3. Bg5 Bg7 4. Nbd2 O-O 5. c3 d6 6. e4 c5 7. d5 h6 8. Bh4
Nh5 9. Bc4 Na6 10. O-O Nc7 11. a4 g5 12. Bg3 e6 13. dxe6 fxe6 14. Ba2 Nf4 15.
Qc2 b6 16. Rad1 Ba6 17. Bc4 Bb7 18. Ba2 Ba6 19. Bc4 Bb7 20. Ba2 1/2-1/2

[Event "Cto de Aragon por Equipos D. Honor"]
[Site "?"]
[Date "2020.02.29"]
[Round "6.2"]
[White "Gines Esteo, Pedro Antonio"]
[Black "Escartin Lacasa, Jose"]
[Result "1-0"]
[WhiteElo "2482"]
[BlackElo "2125"]
[PlyCount "119"]
[EventDate "2020.01.25"]
[WhiteTeam "Jaime Casas"]
[BlackTeam "Jaque"]

1. Nf3 d5 2. g3 Nf6 3. Bg2 c5 4. O-O Nc6 5. d4 e6 6. c4 Be7 7. Nc3 O-O 8. cxd5
exd5 9. dxc5 Bxc5 10. Bg5 d4 11. Bxf6 Qxf6 12. Nd5 Qd8 13. Nd2 Bh3 14. Bxh3
Qxd5 15. Bg2 Qe5 16. Bxc6 bxc6 17. Nf3 Qe4 18. Qd3 Rfe8 19. Rfc1 Bb6 20. Kf1
Qd5 21. Rc4 Re6 22. Rac1 Rae8 23. R1c2 g5 24. g4 h5 25. h3 Kg7 26. b4 hxg4 27.
hxg4 Re3 28. fxe3 Rxe3 29. Rxd4 Rxd3 30. Rxd5 Rxd5 31. Rxc6 f5 32. gxf5 Rxf5
33. Rc4 a5 34. Kg2 axb4 35. Rxb4 Be3 36. Kg3 Rc5 37. Re4 Bf4+ 38. Kg4 Rc2 39.
a4 Kf6 40. Ne1 Rc1 41. Nf3 Rc2 42. Ne1 Rc1 43. Nd3 Rg1+ 44. Kf3 Kf5 45. Nxf4
gxf4 46. Rxf4+ Ke5 47. Re4+ Kf5 48. Rb4 Ra1 49. Rb5+ Ke6 50. a5 Ra4 51. e4 Ra1
52. Kf4 Rf1+ 53. Ke3 Ra1 54. Kd4 Ra4+ 55. Kc5 Rxe4 56. Kb6 Kd7 57. a6 Kc8 58.
a7 Ra4 59. Rc5+ Kd7 60. Ra5 1-0

[Event "Cto de Aragon por Equipos D. Honor"]
[Site "?"]
[Date "2020.02.29"]
[Round "6.3"]
[White "Ereza Vizcarra, Fernando"]
[Black "Ramiro Ovejero, Juan Luis"]
[Result "0-1"]
[WhiteElo "2097"]
[BlackElo "2348"]
[PlyCount "72"]
[EventDate "2020.01.25"]
[WhiteTeam "Jaque"]
[BlackTeam "Jaime Casas"]

1. d4 Nf6 2. Nf3 e6 3. e3 b6 4. Bd3 Bb7 5. O-O d5 6. b3 Bd6 7. Bb2 O-O 8. Nbd2
Ne4 9. c4 Nd7 10. Qc2 f5 11. Ne5 Bxe5 12. dxe5 Ndc5 13. Be2 Nxd2 14. Qxd2 Qg5
15. f4 Qg6 16. Ba3 Rfd8 17. Rfd1 Ne4 18. Qc2 Nc3 19. Re1 Nxe2+ 20. Rxe2 d4 21.
Rd1 dxe3 22. Rde1 Rd4 23. c5 Be4 24. Qc1 Rd3 25. g3 h5 26. Rxe3 Rad8 27. cxb6
cxb6 28. Be7 R8d5 29. Qc8+ Kh7 30. Bg5 h4 31. Bxh4 Rd2 32. R1e2 Rxe2 33. Rxe2
Qg4 34. Kf2 Qf3+ 35. Ke1 Qh1+ 36. Kf2 Qg2+ 0-1

[Event "Cto de Aragon por Equipos D. Honor"]
[Site "?"]
[Date "2020.02.29"]
[Round "6.4"]
[White "Fontana Sotomayor, Luis Javier"]
[Black "Gonzalez Gambau, Jorge"]
[Result "1-0"]
[WhiteElo "2264"]
[BlackElo "2092"]
[PlyCount "43"]
[EventDate "2020.01.25"]
[WhiteTeam "Jaime Casas"]
[BlackTeam "Jaque"]

1. d4 d5 2. Nf3 Nf6 3. e3 e6 4. Bd3 Bd6 5. O-O Nbd7 6. c4 c6 7. Nc3 O-O 8. e4
dxc4 9. Bxc4 e5 10. h3 h6 11. Bb3 exd4 12. Nxd4 Nc5 13. Bc2 Ne6 14. Be3 Nxd4
15. Bxd4 c5 16. Be3 Be7 17. Qe2 a6 18. e5 Nd7 19. Rad1 Qc7 20. Qd3 g6 21. Nd5
Qxe5 22. Bf4 1-0

[Event "Cto de Aragon por Equipos D. Honor"]
[Site "?"]
[Date "2020.02.29"]
[Round "6.5"]
[White "Palacios Herrero, Pablo"]
[Black "Adla, Diego"]
[Result "0-1"]
[WhiteElo "2221"]
[BlackElo "2440"]
[PlyCount "92"]
[EventDate "2020.01.25"]
[WhiteTeam "Palacio De Pioneros A"]
[BlackTeam "St. Casablanca A"]

1. e4 e6 2. d4 d5 3. Nc3 Nf6 4. Bg5 Bb4 5. e5 h6 6. Be3 Ne4 7. a3 Nxc3 8. Qg4
Bf8 9. bxc3 b6 10. h4 Qd7 11. a4 Ba6 12. Nh3 Bxf1 13. Kxf1 Nc6 14. Nf4 O-O-O
15. Qe2 Na5 16. Kg1 Be7 17. h5 Qc6 18. Bd2 Nc4 19. Nd3 a5 20. Kh2 Rdg8 21. Bf4
Bg5 22. Bxg5 hxg5 23. g3 f5 24. g4 g6 25. Kg2 Qe8 26. hxg6 Qxg6 27. gxf5 Qxf5
28. Qf3 Nd2 29. Qxf5 exf5 30. f3 f4 31. Kf2 Nc4 32. Rag1 Rxh1 33. Rxh1 b5 34.
axb5 a4 35. Ra1 Rh8 36. Rxa4 Rh2+ 37. Kg1 Rxc2 38. Nc5 Kb8 39. Nd7+ Kb7 40. Nf6
Nd2 41. Kg2 Ne4+ 42. Kh3 Nf2+ 43. Kg2 g4 44. fxg4 Ne4+ 45. Kf1 Ng3+ 46. Kg1 f3
0-1

[Event "Cto de Aragon por Equipos D. Honor"]
[Site "?"]
[Date "2020.02.29"]
[Round "6.6"]
[White "Glavina, Pablo"]
[Black "Romero Pallares, Daniel"]
[Result "1-0"]
[WhiteElo "2405"]
[BlackElo "2184"]
[PlyCount "45"]
[EventDate "2020.01.25"]
[WhiteTeam "St. Casablanca A"]
[BlackTeam "Palacio De Pioneros A"]

1. Nf3 g6 2. g3 Bg7 3. Bg2 Nf6 4. d4 O-O 5. b3 c5 6. c4 d5 7. cxd5 Nxd5 8. Bb2
Qa5+ 9. Nbd2 cxd4 10. O-O Nc3 11. Qe1 Nc6 12. Nc4 Qa6 13. e3 b5 14. Nxd4 Bxd4
15. exd4 bxc4 16. Qxc3 f6 17. Rfe1 Re8 18. d5 Ne5 19. d6 Bb7 20. Bxb7 Qxb7 21.
Rxe5 fxe5 22. Qxe5 Kf7 23. Re1 1-0

[Event "Cto de Aragon por Equipos D. Honor"]
[Site "?"]
[Date "2020.02.29"]
[Round "6.7"]
[White "Baquedano Coarasa, Pablo"]
[Black "Cortes Lizano, Jesus"]
[Result "0-1"]
[WhiteElo "2163"]
[BlackElo "2205"]
[PlyCount "54"]
[EventDate "2020.01.25"]
[WhiteTeam "Palacio De Pioneros A"]
[BlackTeam "St. Casablanca A"]

1. d4 Nf6 2. c4 e6 3. Nc3 Bb4 4. e3 c5 5. Nge2 b6 6. a3 Ba5 7. Rb1 Na6 8. Bd2
Bb7 9. d5 Qe7 10. Ng3 h5 11. h4 Nc7 12. Be2 exd5 13. Nf5 Qe5 14. Nxg7+ Kf8 15.
f4 Qe7 16. Nf5 Qe6 17. Qc2 dxc4 18. Bf3 d5 19. O-O Rd8 20. Rbe1 Rg8 21. Nh6 Rh8
22. Nf5 Ne4 23. Bxe4 dxe4 24. Ng3 Rg8 25. Ngxe4 Bxc3 26. Ng5 Rxg5 27. fxg5 Rxd2
0-1

[Event "Cto de Aragon por Equipos D. Honor"]
[Site "?"]
[Date "2020.02.29"]
[Round "6.8"]
[White "Bescos Cortes, Daniel"]
[Black "Dan, Teodor"]
[Result "0-1"]
[WhiteElo "2183"]
[BlackElo "2094"]
[PlyCount "62"]
[EventDate "2020.01.25"]
[WhiteTeam "St. Casablanca A"]
[BlackTeam "Palacio De Pioneros A"]

1. e4 c5 2. Nc3 d6 3. g3 Nc6 4. Bg2 g6 5. d3 Bg7 6. Be3 Nf6 7. h3 O-O 8. Nge2
Rb8 9. f4 Bd7 10. O-O b5 11. d4 b4 12. Nd5 Ne8 13. f5 e6 14. fxe6 fxe6 15.
Rxf8+ Bxf8 16. Ndf4 cxd4 17. Nxd4 Nxd4 18. Qxd4 Bg7 19. Qxa7 Bxb2 20. Rb1 Bc3
21. e5 Bxe5 22. a3 d5 23. axb4 Nd6 24. Rd1 Rxb4 25. Ne2 Ba4 26. Bd4 Nb5 27. Qc5
Bd6 28. Bxd5 Rxd4 29. Bxe6+ Kg7 30. Qxd4+ Nxd4 31. Nxd4 Bc5 0-1

[Event "Cto de Aragon por Equipos D. Honor"]
[Site "?"]
[Date "2020.02.29"]
[Round "6.9"]
[White "Van Ojik, Mark"]
[Black "Lana Rodriguez, David"]
[Result "0-1"]
[WhiteElo "2291"]
[BlackElo "2301"]
[PlyCount "56"]
[EventDate "2020.01.25"]
[WhiteTeam "ONCE C. A. Aragon"]
[BlackTeam "Agrupacion A"]

1. e4 e5 2. Nf3 Nc6 3. Bb5 Nf6 4. Nc3 Bc5 5. d3 d6 6. Be3 Bb6 7. Nd5 Bxe3 8.
Bxc6+ bxc6 9. Nxf6+ gxf6 10. fxe3 f5 11. exf5 Bxf5 12. O-O Rg8 13. Kh1 Bg4 14.
Qe1 Qe7 15. Qb4 a5 16. Qc3 Kd7 17. d4 f6 18. Nd2 Rg6 19. e4 exd4 20. Qxd4 Re8
21. h3 Be6 22. Rf2 Reg8 23. Re2 Qg7 24. Qf2 Qh6 25. Nf3 Rxg2 26. Qxg2 Rxg2 27.
Rxg2 Qxh3+ 28. Nh2 f5 0-1

[Event "Cto de Aragon por Equipos D. Honor"]
[Site "?"]
[Date "2020.02.29"]
[Round "6.10"]
[White "Ramon Perez, Jose Luis"]
[Black "Gavin Roche, Enrique"]
[Result "0-1"]
[WhiteElo "2220"]
[BlackElo "2228"]
[PlyCount "86"]
[EventDate "2020.01.25"]
[WhiteTeam "Agrupacion A"]
[BlackTeam "ONCE C. A. Aragon"]

1. e4 e6 2. d3 d5 3. Qe2 Nf6 4. Nf3 c5 5. g3 Nc6 6. Bg2 Be7 7. O-O O-O 8. e5
Nd7 9. c4 dxc4 10. dxc4 Nd4 11. Nxd4 cxd4 12. Rd1 Qc7 13. Rxd4 Nxe5 14. Bf4 f6
15. Nc3 Bc5 16. Re4 Bd7 17. Rf1 Bd6 18. Rd4 Bc5 19. Bxe5 fxe5 20. Rh4 Bc6 21.
Ne4 Bxe4 22. Bxe4 g6 23. Rg4 Rf6 24. Kg2 Raf8 25. f3 Rd8 26. Rd1 Rff8 27. Bd3
Kh8 28. Re4 Bd4 29. h4 Rf7 30. b4 Rdf8 31. Rf1 a5 32. a3 axb4 33. axb4 Qb6 34.
Rxe5 Bxe5 35. Qxe5+ Kg8 36. b5 Rd8 37. c5 Qc7 38. Qe3 Rd5 39. Rc1 Re5 40. Be4
Qa5 41. Qd4 Rxe4 42. fxe4 Qxb5 43. Rc2 Qf1+ 0-1

[Event "Cto de Aragon por Equipos D. Honor"]
[Site "?"]
[Date "2020.02.29"]
[Round "6.11"]
[White "Laliena Solanes, Luis"]
[Black "Moreno Martin-Viveros, Alvaro"]
[Result "1/2-1/2"]
[WhiteElo "2185"]
[BlackElo "2160"]
[PlyCount "146"]
[EventDate "2020.01.25"]
[WhiteTeam "ONCE C. A. Aragon"]
[BlackTeam "Agrupacion A"]

1. e4 e6 2. d4 d5 3. Nc3 Bb4 4. Nge2 dxe4 5. a3 Be7 6. Nxe4 Nf6 7. N2g3 Nbd7 8.
Be2 Nxe4 9. Nxe4 Nf6 10. Bf3 O-O 11. O-O c6 12. c3 Qc7 13. Re1 Rd8 14. Qe2 b6
15. g3 Nxe4 16. Bxe4 Bb7 17. Bf4 Bd6 18. Be5 Bxe5 19. dxe5 c5 20. Rad1 Bxe4 21.
Qxe4 Rxd1 22. Rxd1 Rd8 23. Rd6 Rxd6 24. exd6 Qxd6 25. Qa8+ Qf8 26. Qxa7 Qd8 27.
Qb7 c4 28. h4 Kf8 29. Qc6 Qd1+ 30. Kh2 Qb3 31. Qc8+ Ke7 32. Qc7+ Kf6 33. Qd8+
Kf5 34. g4+ Kxg4 35. Qg5+ Kf3 36. Qe3+ Kg4 37. Qe4+ Kh5 38. Qxh7+ Kg4 39. Qxg7+
Kxh4 40. Qf6+ Kg4 41. f3+ Kh5 42. Qxf7+ Kg5 43. Kg3 e5 44. Qg7+ Kf5 45. Qf7+
Kg5 46. Qd5 Kf6 47. Kg4 Qxb2 48. Qd6+ Kf7 49. Qd7+ Kf8 50. Qf5+ Kg8 51. Qxe5
Qxa3 52. Qe6+ Kg7 53. Qxc4 Qb2 54. Qc7+ Kf6 55. Qd6+ Kf7 56. Qd4 Qg2+ 57. Kf4
Qh2+ 58. Ke4 Qe2+ 59. Qe3 Qc4+ 60. Kf5 Qd5+ 61. Kg4 Qd7+ 62. Kg3 Qc6 63. Qf4+
Kg7 64. Qe5+ Kf7 65. Kf4 b5 66. Qf5+ Kg7 67. Qg5+ Kf7 68. Qe5 Qa6 69. Ke4 Qa4+
70. Kd5 Qc4+ 71. Kd6 b4 72. cxb4 Qxb4+ 73. Kd5 Qb7+ 1/2-1/2

[Event "Cto de Aragon por Equipos D. Honor"]
[Site "?"]
[Date "2020.02.29"]
[Round "6.12"]
[White "Lacruz Algarate, Alvaro"]
[Black "Cobo Garrido, Diego Israel"]
[Result "0-1"]
[WhiteElo "2121"]
[BlackElo "2068"]
[PlyCount "54"]
[EventDate "2020.01.25"]
[WhiteTeam "Agrupacion A"]
[BlackTeam "ONCE C. A. Aragon"]

1. e4 c5 2. Nf3 e6 3. d4 cxd4 4. Nxd4 Nc6 5. g3 Qc7 6. Be3 Nf6 7. Bg2 a6 8. O-O
Be7 9. c4 Ne5 10. b3 Neg4 11. Qd3 Nxe3 12. Qxe3 Bc5 13. Qd3 h5 14. Nc3 h4 15.
Na4 hxg3 16. hxg3 Ba7 17. c5 d6 18. cxd6 Qxd6 19. Rad1 Bd7 20. Nb2 Qe5 21. Nc4
Qh5 22. Rfe1 Rd8 23. a4 Bc6 24. Nxe6 Qh2+ 25. Kf1 Rxd3 26. Nc7+ Kd7 27. Rxd3+
Kxc7 0-1

[Event "Cto de Aragon por Equipos D. Honor"]
[Site "?"]
[Date "2020.02.29"]
[Round "6.13"]
[White "Del Rey, Diego"]
[Black "Garcia Morales, Roberto"]
[Result "1/2-1/2"]
[WhiteElo "2381"]
[BlackElo "2039"]
[PlyCount "108"]
[EventDate "2020.01.25"]
[WhiteTeam "El Olivar"]
[BlackTeam "Agrupacion B"]

1. d4 d5 2. c4 e5 3. e3 exd4 4. exd4 Nf6 5. Nc3 c6 6. Bd3 Be6 7. cxd5 Nxd5 8.
Nf3 Be7 9. O-O O-O 10. Re1 Nd7 11. a3 Re8 12. Qc2 Nf8 13. Ne5 Rc8 14. Ne4 Nf6
15. Be3 Bd5 16. Ng3 c5 17. dxc5 Bxc5 18. Bxc5 b6 19. b4 bxc5 20. Ba6 Rc7 21.
bxc5 Ne6 22. Nd3 Qa8 23. f3 Qc6 24. Nb4 Qxc5+ 25. Qxc5 Rxc5 26. Rac1 Rxc1 27.
Rxc1 g6 28. Ne2 Re7 29. Rc8+ Kg7 30. Rb8 Nc7 31. Bd3 Re8 32. Nxd5 Ncxd5 33. Rb5
Nb6 34. Kf2 Rd8 35. Rb3 Nfd7 36. Bb5 Nc5 37. Rc3 Ne6 38. Ke1 Kf6 39. Rc6 Ke7
40. a4 Rc8 41. Rxc8 Nxc8 42. Nc3 Nd6 43. Nd5+ Kd8 44. Bd3 Nc5 45. Bc2 Nc4 46.
h4 Kd7 47. Ke2 Kd6 48. Nf6 h6 49. h5 gxh5 50. Nxh5 a5 51. Ng7 Ke5 52. g4 Nb6
53. Nf5 Nbxa4 54. Nxh6 f6 1/2-1/2

[Event "Cto de Aragon por Equipos D. Honor"]
[Site "?"]
[Date "2020.02.29"]
[Round "6.14"]
[White "Carruez Berges, Fernando"]
[Black "Ramo Frontinan, Cristobal"]
[Result "0-1"]
[WhiteElo "1999"]
[BlackElo "2318"]
[PlyCount "78"]
[EventDate "2020.01.25"]
[WhiteTeam "Agrupacion B"]
[BlackTeam "El Olivar"]

1. e4 c6 2. Nc3 d5 3. Nf3 Bg4 4. h3 Bxf3 5. Qxf3 e6 6. d3 Nf6 7. Bg5 Nbd7 8. g4
d4 9. Nb1 Qb6 10. Bc1 h6 11. Qe2 g5 12. h4 Rg8 13. hxg5 hxg5 14. a4 Ne5 15. f3
O-O-O 16. Nd2 Bb4 17. Kd1 Rh8 18. Qg2 Bxd2 19. Kxd2 Nfd7 20. Be2 Ng6 21. Rxh8
Rxh8 22. Kd1 f6 23. b3 Qc7 24. Bd2 Rh2 25. Qg1 Ndf8 26. Be1 Qh7 27. Qxd4 Qh3
28. c4 Nf4 29. Ra2 Nxe2 30. Rxe2 Qxf3 31. Bf2 Ng6 32. Qe3 Qxg4 33. Qg3 Rh1+ 34.
Kd2 Qf4+ 35. Kc3 Qc1+ 36. Kb4 Nf4 37. Qe3 Nxe2 38. Qxe2 Qf4 39. Bxa7 Rh2 0-1

[Event "Cto de Aragon por Equipos D. Honor"]
[Site "?"]
[Date "2020.02.29"]
[Round "6.15"]
[White "Villuendas Valero, Adrian"]
[Black "Carruez Berges, Santiago"]
[Result "1-0"]
[WhiteElo "2265"]
[BlackElo "1995"]
[PlyCount "111"]
[EventDate "2020.01.25"]
[WhiteTeam "El Olivar"]
[BlackTeam "Agrupacion B"]

1. d4 Nf6 2. Bg5 d5 3. e3 c6 4. Nf3 Qb6 5. Qc1 Bf5 6. Be2 Nbd7 7. O-O h6 8. Bh4
e6 9. c4 Be7 10. Nc3 O-O 11. c5 Qd8 12. b4 Ne4 13. Bg3 Nxg3 14. hxg3 Bf6 15.
Qd2 e5 16. a4 Re8 17. Ra2 Bg4 18. Rb1 exd4 19. exd4 Bf5 20. Rb3 b6 21. b5 bxc5
22. bxc6 Nb6 23. Qf4 c4 24. Rb5 Be6 25. a5 Nc8 26. Rab2 g5 27. Qc1 Qd6 28. Bd1
Ne7 29. Ba4 Rec8 30. Qd2 Nxc6 31. Rc5 Kg7 32. Bxc6 Rxc6 33. Rbb5 Rac8 34. Rxc6
Rxc6 35. Qe3 a6 36. Rb1 Qa3 37. Nxd5 Qxe3 38. Nxe3 Rd6 39. d5 Bd7 40. Rb6 Be7
41. Rxd6 Bxd6 42. Nxc4 Bb4 43. Nfe5 Bb5 44. Nc6 Bc5 45. N4e5 Bd6 46. Nf3 Kf8
47. Kh2 Ke8 48. Kh3 f5 49. Nfe5 h5 50. f4 g4+ 51. Kh4 Bf1 52. Kxh5 Bxg2 53. Kg6
Be4 54. Kf6 Bc7 55. Ke6 Bxe5 56. Nxe5 1-0

[Event "Cto de Aragon por Equipos D. Honor"]
[Site "?"]
[Date "2020.02.29"]
[Round "6.16"]
[White "Carruez Gracia, Eduardo"]
[Black "Hernando Garcia, Antonio"]
[Result "1-0"]
[WhiteElo "1885"]
[BlackElo "2120"]
[PlyCount "73"]
[EventDate "2020.01.25"]
[WhiteTeam "Agrupacion B"]
[BlackTeam "El Olivar"]

1. e4 d5 2. exd5 Qxd5 3. Nc3 Qd8 4. Bc4 c6 5. d3 Bf5 6. Bxf7+ Kxf7 7. Qf3 e6 8.
g4 g6 9. gxf5 exf5 10. Nh3 Be7 11. Rg1 Qd7 12. Bd2 Na6 13. O-O-O Rf8 14. Ne4
Ke8 15. Nc3 Kd8 16. d4 Kc8 17. d5 Nf6 18. Bh6 Rd8 19. Nf4 Nc7 20. Bg7 Rhg8 21.
Bxf6 Bxf6 22. d6 Ne6 23. Nxe6 Qxe6 24. Rge1 Qc4 25. Qe3 Bxc3 26. Qxa7 Bxb2+ 27.
Kxb2 Qa6 28. Qxa6 bxa6 29. c4 c5 30. Re5 Kd7 31. Rxc5 Rc8 32. Re5 Rge8 33. Rxe8
Rxe8 34. Kc3 Re2 35. c5 Rxa2 36. c6+ Kd8 37. d7 1-0

[Event "Cto de Aragon por Equipos D. Honor"]
[Site "?"]
[Date "2020.02.29"]
[Round "6.17"]
[White "Sacristan Latorre, Alberto"]
[Black "Garza Marco, Sergio"]
[Result "0-1"]
[WhiteElo "2109"]
[BlackElo "2402"]
[PlyCount "90"]
[EventDate "2020.01.25"]
[WhiteTeam "Palacio De Pioneros B"]
[BlackTeam "Helios"]

1. e4 c5 2. c3 d5 3. exd5 Qxd5 4. d4 Bf5 5. Nf3 Nc6 6. Be3 Nf6 7. Na3 cxd4 8.
Nb5 O-O-O 9. Nfxd4 Ng4 10. Qb3 Nxe3 11. fxe3 Nxd4 12. cxd4 Kb8 13. Qxd5 Rxd5
14. Bc4 Rd7 15. O-O e6 16. a3 Bg6 17. Nc3 Be7 18. Ne2 Rc8 19. Rac1 Bd6 20. Bb5
Rxc1 21. Rxc1 Rd8 22. g3 a6 23. Ba4 e5 24. d5 Bc7 25. Nc3 Bb6 26. Kf2 f5 27.
Ke2 Bh5+ 28. Kd3 Bf3 29. Bb3 Ba5 30. Rf1 e4+ 31. Kd4 g6 32. Ke5 Bc7+ 33. Kf6
Rd6+ 34. Kg7 Rb6 35. Bd1 Rxb2 36. Kxh7 Bg2 37. Rg1 g5 38. Kg6 Bh3 39. Kxg5 Rxh2
40. g4 Bb6 41. gxf5 Bxe3+ 42. Kg6 Bxg1 43. Nxe4 Rg2+ 44. Kf6 Bd4+ 45. Ke6 Rg6+
0-1

[Event "Cto de Aragon por Equipos D. Honor"]
[Site "?"]
[Date "2020.02.29"]
[Round "6.18"]
[White "Calvo Simon, Jorge"]
[Black "Colom Sienes, Eduardo"]
[Result "1-0"]
[WhiteElo "2213"]
[BlackElo "2074"]
[PlyCount "68"]
[EventDate "2020.01.25"]
[WhiteTeam "Helios"]
[BlackTeam "Palacio De Pioneros B"]

1. e4 g6 2. Nf3 Bg7 3. d4 d6 4. Nc3 a6 5. a4 Bg4 6. Be3 Nc6 7. Be2 e5 8. d5
Nce7 9. Ng5 Bc8 10. h4 h6 11. Nh3 f5 12. f3 f4 13. Bf2 Nf6 14. Bd3 g5 15. g4
fxg3 16. Bxg3 Ng6 17. hxg5 hxg5 18. Nf2 Nh5 19. Rxh5 Rxh5 20. f4 Rh8 21. f5 Nf4
22. Bf1 Bd7 23. Qf3 Qe7 24. Qe3 Bf6 25. Ng4 Qg7 26. b4 Ke7 27. Nd1 Qf8 28. Bf2
Qe8 29. Nc3 Qh5 30. Qf3 Qh1 31. Qxh1 Rxh1 32. O-O-O Be8 33. Kb2 Bh5 34. Nxf6
Bxd1 1-0

[Event "Cto de Aragon por Equipos D. Honor"]
[Site "?"]
[Date "2020.02.29"]
[Round "6.20"]
[White "Cerrajeria Ruiz, Jesus Maria"]
[Black "Sacristan Latorre, Carlos"]
[Result "1-0"]
[WhiteElo "2158"]
[BlackElo "1663"]
[PlyCount "95"]
[EventDate "2020.01.25"]
[WhiteTeam "Helios"]
[BlackTeam "Palacio De Pioneros B"]

1. g3 g6 2. Bg2 Bg7 3. Nf3 Nf6 4. O-O O-O 5. c4 d5 6. cxd5 Qxd5 7. d4 Rd8 8.
Nc3 Qa5 9. Qb3 Nc6 10. Bf4 Nh5 11. Be3 Nxd4 12. Bxd4 Bxd4 13. Rfd1 c5 14. Nd5
Bf6 15. Nxf6+ Nxf6 16. Rxd8+ Qxd8 17. Rd1 Qc7 18. Ng5 e6 19. Qd3 Bd7 20. Ne4
Nxe4 21. Qxd7 Qxd7 22. Rxd7 Nf6 23. Rxb7 a6 24. Rxf7 Kxf7 25. Bxa8 Ke7 26. f4
Kd6 27. Bf3 c4 28. Kf2 Kc5 29. Ke3 a5 30. Kd2 Kb4 31. g4 Nd7 32. Kc2 Nc5 33.
Bc6 a4 34. a3+ Ka5 35. Kc3 Kb6 36. Be8 Ne4+ 37. Kb4 Nf6 38. Bxa4 Nxg4 39. Bd7
Nxh2 40. Bxe6 Nf1 41. Kxc4 Ne3+ 42. Kd3 Nd1 43. b3 Nf2+ 44. Ke3 Nd1+ 45. Kd4
Nf2 46. e4 h5 47. e5 h4 48. Ke3 1-0

[Event "Cto de Aragon por Equipos D. Honor"]
[Site "?"]
[Date "2020.02.29"]
[Round "6.21"]
[White "Salamero Pelay, Fernando"]
[Black "Baron Rodriguez, Jesus"]
[Result "0-1"]
[WhiteElo "2075"]
[BlackElo "2418"]
[PlyCount "82"]
[EventDate "2020.01.25"]
[WhiteTeam "Atletismo Huesca"]
[BlackTeam "IberCaja"]

1. e4 e6 2. d4 d5 3. Nc3 Bb4 4. e5 c5 5. a3 Bxc3+ 6. bxc3 Qc7 7. Nf3 Ne7 8. h4
b6 9. h5 h6 10. a4 Nbc6 11. Bb5 Bd7 12. Kf1 Na5 13. Bd3 c4 14. Be2 Bc6 15. Ba3
Qd7 16. Qc1 O-O 17. g4 f6 18. exf6 Rxf6 19. Ne5 Qc7 20. Qe3 Be8 21. Rg1 Nac6
22. g5 Nf5 23. gxf6 Nxe3+ 24. fxe3 Nxe5 25. Rxg7+ Qxg7 26. fxg7 Nd7 27. e4 Nf6
28. exd5 exd5 29. Bd6 Bxh5 30. Re1 Re8 31. Be5 Bxe2+ 32. Rxe2 Ng4 33. Kg2 Nxe5
34. dxe5 Kxg7 35. Kf3 Kf7 36. Rh2 Rh8 37. Ke3 h5 38. Kd4 Ke6 39. Rh1 h4 40. a5
bxa5 41. Rf1 h3 0-1

[Event "Cto de Aragon por Equipos D. Honor"]
[Site "?"]
[Date "2020.02.29"]
[Round "6.22"]
[White "Palacios Latasa, Elias"]
[Black "Gella Lopez, Angel"]
[Result "1-0"]
[WhiteElo "2176"]
[BlackElo "2083"]
[PlyCount "63"]
[EventDate "2020.01.25"]
[WhiteTeam "IberCaja"]
[BlackTeam "Atletismo Huesca"]

1. e4 c5 2. Nc3 e6 3. Nf3 Nc6 4. Bb5 Nge7 5. O-O a6 6. Bxc6 Nxc6 7. d4 cxd4 8.
Nxd4 Be7 9. Nxc6 bxc6 10. Qg4 Bf6 11. Re1 d6 12. e5 dxe5 13. Ne4 h5 14. Qf3 Be7
15. Qg3 Kf8 16. Qxe5 Qd5 17. Qc3 c5 18. Bf4 Bb7 19. Rad1 Qc6 20. f3 Rg8 21. Bd6
Rc8 22. Bxe7+ Kxe7 23. Nd6 Rc7 24. Nf5+ Ke8 25. Rd6 Qa4 26. Qe3 Rd7 27. b3 Qa5
28. Red1 Bc8 29. Qe5 g6 30. Ne3 Qc7 31. Nd5 Qd8 32. Nf6+ 1-0

[Event "Cto de Aragon por Equipos D. Honor"]
[Site "?"]
[Date "2020.02.29"]
[Round "6.24"]
[White "Villalba Embid, Marcos"]
[Black "Laplaza Ara, Carlos"]
[Result "1-0"]
[WhiteElo "2054"]
[BlackElo "1944"]
[PlyCount "49"]
[EventDate "2020.01.25"]
[WhiteTeam "IberCaja"]
[BlackTeam "Atletismo Huesca"]

1. e4 c5 2. Nf3 d6 3. d4 cxd4 4. Nxd4 Nf6 5. Nc3 a6 6. Be3 e6 7. f3 Be7 8. Qd2
Qc7 9. g4 h6 10. h4 Nc6 11. O-O-O Nd7 12. Rh2 Rg8 13. g5 hxg5 14. hxg5 g6 15.
f4 b6 16. Bh3 Nxd4 17. Bxd4 Bb7 18. Rg1 O-O-O 19. f5 e5 20. Be3 Kb8 21. f6 Bf8
22. Bxd7 Rxd7 23. Nd5 Bxd5 24. exd5 Kb7 25. Rg4 1-0

[Event "Cto de Aragon por Equipos D. Honor"]
[Site "?"]
[Date "2020.02.29"]
[Round "6.25"]
[White "Antonano Fedz-Quincoces, Avelino"]
[Black "Nicolas Zapata, Irene"]
[Result "1-0"]
[WhiteElo "2041"]
[BlackElo "2247"]
[PlyCount "103"]
[EventDate "2020.01.25"]
[WhiteTeam "St. Casablanca B"]
[BlackTeam "Teruel"]

1. e4 d5 2. exd5 Qxd5 3. Nf3 Nf6 4. d4 c6 5. Bd3 Bg4 6. Nbd2 Nbd7 7. O-O e6 8.
c4 Qa5 9. Qc2 Rd8 10. Re1 Be7 11. a3 Qc7 12. b4 a5 13. bxa5 c5 14. d5 exd5 15.
cxd5 Nxd5 16. Bb2 Kf8 17. Ne5 Nxe5 18. Bxe5 Qd7 19. Ne4 Nf6 20. Bxf6 gxf6 21.
Be2 Bxe2 22. Qxe2 f5 23. Ng3 Re8 24. Rad1 Qe6 25. Qf3 Qc6 26. Qxc6 bxc6 27.
Nxf5 c4 28. a6 Bc5 29. Rxe8+ Kxe8 30. Rc1 Kd7 31. Rxc4 Rb8 32. g3 Ba7 33. Nh6
f6 34. Ng4 Rb2 35. Rf4 Kc7 36. Nxf6 h6 37. Ng4 Kb6 38. Nxh6 Kxa6 39. Nf5 Bb8
40. Re4 Ba7 41. Ra4+ Kb7 42. Nd6+ Kc7 43. Rxa7+ Kxd6 44. h4 c5 45. Ra8 c4 46.
Rc8 Kd5 47. h5 Kd4 48. h6 Rb7 49. g4 c3 50. g5 Rh7 51. Kf1 Kd3 52. g6 1-0